| 000 | 00556cam a2200193ua 4500 | ||
|---|---|---|---|
| 020 | _a0 07 766346 7 | ||
| 041 |
_aeng _h |
||
| 082 |
_a004.2 _bGLI/IN |
||
| 100 | _aGlisson, T H . | ||
| 245 |
_aIntroduction to system analysis / _cT H Glisson. _hTextual Documents |
||
| 250 |
_a1 / _b. |
||
| 260 |
_aNew York : _bMcGraw Hill Book Company , _c1985. |
||
| 300 | _a700 ; . | ||
| 440 | 0 |
_aMc Graw hill series in electrical engg, _v _x; |
|
| 490 | 0 |
_aMc Graw hill series in electrical engg, _v _x; |
|
| 504 | _a | ||
| 942 | _cBK | ||
| 999 |
_c10061 _d10061 |
||